000 00638nam a2200193Ii 4500
003 JO-AjNU
008 230605s9999||||xx |||||||||||||| ||und||
040 _aJO-AjNU
_bara
_erda
_cJO-AjNU
041 _aara
050 1 4 _aQA297.K4264 1989
100 3 _aحسين ، خالد عبدالرحمن,
_eauthor
_98543
245 0 0 _aالبرمجة والتحليل العددي
264 3 1 _aبغداد:جامعة الموصل ،1982
300 _a302ص
336 _atext
_btxt
_2rdacontent
337 _aunmediated
_bn
_2rdamedia
338 _avolume
_bnc
_2rdacarrier
650 4 _aتحليل عددي - حاسبات الالكترونية
_98544
999 _aA842
_c4410
_d4410